Electronic meters : (Record no. 181035)
[ view plain ]
| 000 -LEADER | |
|---|---|
| fixed length control field | 01089 a2200217 4500 |
| 003 - CONTROL NUMBER IDENTIFIER | |
| control field | Nust |
| 005 - DATE AND TIME OF LATEST TRANSACTION | |
| control field | 20221116130131.0 |
| 010 ## - LIBRARY OF CONGRESS CONTROL NUMBER | |
| LC control number | 76030480 |
| 020 ## - INTERNATIONAL STANDARD BOOK NUMBER | |
| International Standard Book Number | 0879092238 |
| 040 ## - CATALOGING SOURCE | |
| Transcribing agency | Nust |
| 082 00 - DEWEY DECIMAL CLASSIFICATION NUMBER | |
| Classification number | 621.374,RIT |
| 100 1# - MAIN ENTRY--PERSONAL NAME | |
| Personal name | Sanders ,Miles Ritter |
| 9 (RLIN) | 102682 |
| 245 10 - TITLE STATEMENT | |
| Title | Electronic meters : |
| Remainder of title | techniques and troubleshooting / |
| Statement of responsibility, etc. | Miles Ritter-Sanders, Jr. [i.e. R. G. Middleton]. |
| 260 ## - PUBLICATION, DISTRIBUTION, ETC. | |
| Place of publication, distribution, etc. | Reston, Va. : |
| Name of publisher, distributor, etc. | Reston Pub. Co., |
| Date of publication, distribution, etc. | c1977. |
| 300 ## - PHYSICAL DESCRIPTION | |
| Extent | x, 299 p. : |
| Other physical details | ill. ; |
| Dimensions | 24 cm. |
| 505 ## - FORMATTED CONTENTS NOTE | |
| Formatted contents note | Performance Verification and Calibration (Page-9), DC-Voltage Measuring Techniques (Page-37), Resistance Measuring Techniques (Page-63), DC Current Measurement Methods (Page-93), AC Voltage Measurement Procedures (Page-116), Hi-Fi Stereo Troubleshooting (Page-139), Radio Receiver Troubleshooting (Page-174), Black and White Television Troubleshooting (Page-206), Color TV Troubleshooting (Page-240), Miscellaneous Applications (Page-271). |
| 650 #0 - SUBJECT ADDED ENTRY--TOPICAL TERM | |
| Topical term or geographic name entry element | Electric measurements. |
| 9 (RLIN) | 41286 |
| 650 #0 - SUBJECT ADDED ENTRY--TOPICAL TERM | |
| Topical term or geographic name entry element | Electric meters. |
| 9 (RLIN) | 41367 |
| 650 #0 - SUBJECT ADDED ENTRY--TOPICAL TERM | |
| Topical term or geographic name entry element | Electronic measurements. |
| 9 (RLIN) | 41546 |
| 942 ## - ADDED ENTRY ELEMENTS (KOHA) | |
| Source of classification or shelving scheme | |
| Koha item type | Book |
| Withdrawn status | Lost status | Source of classification or shelving scheme | Damaged status | Not for loan | Permanent Location | Current Location | Shelving location | Date acquired | Full call number | Barcode | Date last seen | Price effective from | Koha item type | Public note |
|---|---|---|---|---|---|---|---|---|---|---|---|---|---|---|
| Military College of Signals (MCS) | Military College of Signals (MCS) | General Stacks | 12/12/2016 | 621.374,RIT | MCS5791 | 12/08/2016 | 12/12/2016 | Book | Almirah No.30, Shelf No.4 |
